000 00264nam a2200097Ia 4500
008 120527s9999 xx 000 0 und d
100 _aBlaszek,A.ed.
245 _aAfrican cereal stem borers:economic imporatnce,taxonomy natural
260 _bCAB Intl.
942 _cBK
999 _c22898
_d22898